• 首页
  • 本馆介绍
  • 公告通知
  • 最新文献
  • 馆藏检索
  • 电子资源
  • 读者导购
  • 参考咨询
  • 我的图书馆
  • 登录
  • 详细信息显示
  • 放入我的书架
  • 预约/预借图书
  • 作者相关作品
  • 分类相关作品
  • 丛书相关作品
  • 出版社相关作品

书目信息

  • 表格格式
  • 工作单格式
  • 卡片格式
题名:
英法百年战争
    
 
作者: 王一峰 著
分册: 下  
出版信息: 长春   吉林文史出版社  2019
页数: 486-1005页
开本: 23cm
丛书名:
单 册:
中图分类: K565.3
科图分类:
主题词: 百年战争(1337-1453)--研究--1415-1453
电子资源:
ISBN: 978-7-5472-6245-0
000 00970nam0 2200229 450
001 2356811199
005 20231031104503.57
010    @a978-7-5472-6245-0@dCNY99.90
100    @a20190731d2019 em y0chiy50 ea
101 0  @achi
102    @aCN@b220000
105    @aab z 000yy
200 1  @a英法百年战争@Aying fa bai nian zhan zheng@h下@e1415-1453@dThe hundred years war between England and France@e1415-1453@f王一峰著@zeng
210    @a长春@c吉林文史出版社@d2019
215    @a486-1005页@c图,地图@d23cm
330    @a本书为读者梳理了英法百年战争中复杂的历史事件,绘制出了一幅令人神往的中世纪战争画卷。内容包括:百年战争的起因、海洋与大陆的较量、征服时代的来临、山河板荡、殊死较量、风雨飘摇等。
510 1  @aHundred years war between England and France@e1415-1453@zeng
606 0  @a百年战争(1337-1453)@x研究@z1415-1453
690    @aK565.3@v5
701  0 @a王一峰@Awang yi feng@4著
801  0 @aCN@b大连网信软件有限公司图书馆·11@c20231031
905    @aZUCC@dK565.3@e3:2
    
    英法百年战争.下:1415-1453=The hundred years war between England and France:1415-1453/王一峰著.-长春:吉林文史出版社,2019
    486-1005页:图,地图;23cm
    
    
    ISBN 978-7-5472-6245-0:CNY99.90
    本书为读者梳理了英法百年战争中复杂的历史事件,绘制出了一幅令人神往的中世纪战争画卷。内容包括:百年战争的起因、海洋与大陆的较量、征服时代的来临、山河板荡、殊死较量、风雨飘摇等。
●
相关链接 在五车中查询图书 在当当中查询图书 在豆瓣中查询图书


正题名:英法百年战争     索取号:K565.3/3:2         预约/预借

序号 登录号 条形码 馆藏地/架位号 状态 备注
1 2001030429   2001030429   第四书库/四33架B面3层6列/ [索取号:K565.3/3:2] 在馆    
2 2001030430   2001030430   第四书库/四33架B面3层6列/ [索取号:K565.3/3:2] 在馆    
3 2001030431   2001030431   第四书库/四33架B面3层6列/ [索取号:K565.3/3:2] 在馆    
4 2001030432   2001030432   第四书库/四33架B面3层6列/ [索取号:K565.3/3:2] 在馆    
5 2001030433   2001030433   第四书库/四33架B面3层6列/ [索取号:K565.3/3:2] 在馆    
6 2001030434   2001030434   第四书库/四33架B面3层6列/ [索取号:K565.3/3:2] 在馆    
山东省滨州职业学院图书馆 欢迎您!
大连网信软件有限公司© 版权所有